Régimen de las asambleas en el derecho real de propiedad horizontal clásico (Registro nro. 32138)

Detalles MARC
000 -LEADER
fixed length control field 00415 a2200121 4500
001 - CONTROL NUMBER
control field ART_61198
005 - DATE AND TIME OF LATEST TRANSACTION
control field 20260410162010.0
008 - FIXED-LENGTH DATA ELEMENTS--GENERAL INFORMATION
fixed length control field 260409a
100 1# - MAIN ENTRY--PERSONAL NAME
Personal name Fossaceca, Carlos Alberto (h)
245 10 - TITLE STATEMENT
Title Régimen de las asambleas en el derecho real de propiedad horizontal clásico
700 1# - ADDED ENTRY--PERSONAL NAME
Personal name Moreyra, Pilar
773 0# - HOST ITEM ENTRY
Title Temas de derecho civil
Related parts - Año 10, N° 6/7 (jun./jul 2024)
Record control number REV34778

No hay ítems disponibles.